00954nam a22001577a 450000500170000000800410001702000150005805000180007310000340009124500910012526000780021630000180029450000380031250504030035065000430075320231102151734.0130312t20032000mx ||||| |||| 00| 0 spa d a968166254704aLC177.M6bA36 aAcosta Silva, Adriáneautor10aEstado, Políticas y Universidades en un periodo de transicion cAdrian Acosta Silvia aMexicob: Universidad de guadalajara- Fondo de cultura economicac/ 2000 a357 páginas aIncluye índice y bibliografía aEl probea y sus alrededores Transición y complejidad de la universidad pública El delicado sonido de los ensamblajes, 1982-1994 Fatiga y cambio. la reforma de la universidad de guadalajara Ajustes radicales y diferenciaciones funcional. la reforma de la universidad de sonara La rebelión antipopulista. La reforma en la universisdad Autónoma de puebla. La reforma en perpectivas comparada17aEDUCACIÓN SUPERIOR Y ESTADO - MEXICO